| 000 | 00506nam a2200193Ia 4500 | ||
|---|---|---|---|
| 008 | 230125s9999 xx 000 0 und d | ||
| 020 | _a978-0-415-48143-4 | ||
| 041 | _aeng | ||
| 082 |
_a302.35 _bPET |
||
| 100 |
_aPettinger R _9109842 |
||
| 245 | _aOrganizational Behaviour | ||
| 260 |
_c2011 _bRoutledge Taylor and Francis _aNew York |
||
| 300 | _a580p | ||
| 500 | _aO B | ||
| 650 |
_aOrganiational behaviour _9107776 |
||
| 700 |
_aPettinger R _9109842 |
||
| 906 | _b149 | ||
| 999 |
_c88876 _d88876 |
||